| 000 | 00708nam a2200181Ia 4500 | ||
|---|---|---|---|
| 001 | 6636 | ||
| 008 | 260622s9999 xx 000 0 und d | ||
| 245 | 0 |
_aرمزية المرأة في الرواية العربية: و دراسات أخرى/ _cجورج طرابيشي |
|
| 250 | _aالطبعة الثانية؛ | ||
| 260 |
_aبيروت؛ _bدار الطليعة للطباعة و النشر؛ _c1985 |
||
| 300 |
_a185p; _c20x14cm |
||
| 520 | _aFeminine symbolism in Arab tradition and other studies/ Georges Tarabichi | ||
| 546 | _aArabic | ||
| 650 | _aPJ7501-8517 Arabic literature | ||
| 655 |
_aArticles مقالات _99420 |
||
| 700 |
_aTarabichi, Georges جورج طرابيشي _99492 |
||
| 942 | _cBK | ||
| 999 |
_c6636 _d6636 |
||